US States by Anagram - Statistics

General Stats
  • This quiz has been taken 98 times
  • The average score is 33 of 50
Answer Stats
Anagram State % Correct
Noariaz Arizona
100%
Amotann Montana
97%
Oohi Ohio
97%
Aiwo Iowa
96%
Staxe Texas
96%
Thua Utah
96%
Daniani Indiana
92%
Hoadi Idaho
90%
Kasala Alaska
89%
Krasasan Arkansas
86%
Eriaggo Georgia
86%
Girivain Virginia
84%
Abaalma Alabama
80%
Groneo Oregon
79%
Iahawi Hawaii
78%
Ansask Kansas
78%
Yingowm Wyoming
77%
Nansy Pelivna Pennsylvania
76%
Simsi Spipsi Mississippi
73%
Waldeare Delaware
71%
Ecky Tunk Kentucky
70%
Scinisnow Wisconsin
70%
Workeyn New York
69%
Slin Ioli Illinois
68%
Fraicaniol California
67%
Aimen Maine
67%
Caghimin Michigan
67%
Davean Nevada
66%
Tevromn Vermont
66%
Dirolaf Florida
64%
Stoan Mine Minnesota
63%
Sousirms Missouri
63%
Comix Ween New Mexico
61%
Snabekra Nebraska
57%
Ordaloco Colorado
54%
Wenjy Erse New Jersey
54%
Katsod Houta South Dakota
54%
Testams Shucas Massachusetts
52%
Takorn Thoad North Dakota
51%
Seen Neste Tennessee
51%
Cranila Tousho South Carolina
49%
Lianth Acornor North Carolina
47%
Anali Ousi Louisiana
46%
Wimpash Herne New Hampshire
42%
Griviast Iwine West Virginia
40%
Randy Lam Maryland
38%
Tencin Coctu Connecticut
34%
Ston Hagwin Washington
34%
Malko Hao Oklahoma
32%
Delano Dirsh Rhode Island
23%
No matching quizzes found
Score Distribution
Percent of People with Each Score
Percentile by Number Answered
Your Score History
You have not taken this quiz